Výroba kyseliny šikimovej biotechnologickým spôsobom

Salvato in:
Dettagli Bibliografici
Autore principale: Herda, Adam (Autore)
Altri autori: Antošová, Monika (Relatore della tesi)
Natura: Manoscritto Libro
Lingua:slovacco
Pubblicazione: 2024
Soggetti:
Accesso online:http://is.stuba.sk/zp/portal_zp.pl?podrobnosti=168773
Tags: Aggiungi Tag
Nessun Tag, puoi essere il primo ad aggiungerne!!

MARC

LEADER 00000ntm a22000003a 4500
001 stuzp99172
003 SK-STU
005 20240622210729.6
007 ta
008 150427s2015----xo-----f-mn---000-0-slo-d
040 |a STU  |b slo 
041 0 |a slo 
100 1 |a Herda, Adam  |u 046230  |4 aut  |U FCHPT Ústav chemického a environmentálneho inžinierstva  |T FCHPT Oddelenie chemického a biochemického inžinierstva  |X 116033  |U C6230  |Y 119  |7 116033 
242 0 1 |a Production of shikimic acid by biotechnological method  |y eng 
245 1 0 |a Výroba kyseliny šikimovej biotechnologickým spôsobom 
260 |c 2024 
650 4 |a kultivácia  |2 slo 
650 4 |a priemyselný bioreaktor  |2 slo 
650 4 |a návrhový výpočet  |2 slo 
650 4 |a kyselina šikimová  |2 slo 
650 4 |a separácia  |2 slo 
650 4 |a separation  |2 eng 
650 4 |a shikimic acid  |2 eng 
650 4 |a cultivation  |2 eng 
650 4 |a industrial bioreactor  |2 eng 
650 4 |a design calculation  |2 eng 
700 1 |a Antošová, Monika  |u 046230  |k Z1  |4 ths  |U FCHPT Ústav chemického a environmentálneho inžinierstva  |T FCHPT Oddelenie chemického a biochemického inžinierstva  |X 3930  |U C6230  |Y 119  |7 A000003930 
856 4 |u http://is.stuba.sk/zp/portal_zp.pl?podrobnosti=168773